| 000 | 01028nam a22002537a 4500 | ||
|---|---|---|---|
| 005 | 20100910161617.0 | ||
| 010 | _aMAR-20259 | ||
| 020 | _c100.00 | ||
| 035 | _aMR-12917 | ||
| 037 | _bDBAD / PUB | ||
| 082 | _a630 | ||
| 100 |
_aपाटील, जयंतराव _920459 |
||
| 245 |
_aशेती प्रगतीचे विविध मार्ग / _cजयंतराव पाटील |
||
| 246 |
_aSheti Pragatichey Vividh Marg _bby Jayantrao Patil |
||
| 260 |
_aपुणे _bकृषि ग्रंथ भांडार प्रकाशन _c2010 |
||
| 270 |
_a1384/2 शुक्रवार पेठ _bपुणे _e411002 |
||
| 300 |
_a104पृ _c21सेमी (अजिल्द) |
||
| 650 |
_aकृषि _920460 |
||
| 650 |
_aAgriculture _920461 |
||
| 700 | _917934 | ||
| 700 | _919411 | ||
| 942 |
_2ddc _cMR _mपाटील _h630 |
||
| 999 |
_c46383 _d46383 |
||